Aspectos relevantes de la educación primaria rural en Colombia. Trabajos presentados en un seminario celebrado en Bogotá, Colombia, el 16 de Septiembre de 1981
Uloženo v:
| Korporace: | , |
|---|---|
| Médium: | Kniha |
| Jazyk: | španělština |
| Vydáno: |
Bogotá
CIID
1984
|
| Témata: | |
| Tagy: |
Přidat tag
Žádné tagy, Buďte první, kdo vytvoří štítek k tomuto záznamu!
|
MARC
| LEADER | 00000nam a2200000 a 4500 | ||
|---|---|---|---|
| 001 | UCU1097 | ||
| 003 | CL-VaPUC | ||
| 008 | 960329e19840000CK |||||||||||||||||spa|d | ||
| 082 | 0 | 4 | |a 372.104 |b CEN |2 21 |
| 110 | 2 | |a Centro Internacional de Investigaciones para el Desarrollo |e author |9 356699 | |
| 710 | 2 | |a CIID |e author |9 356700 | |
| 245 | 1 | 0 | |a Aspectos relevantes de la educación primaria rural en Colombia. Trabajos presentados en un seminario celebrado en Bogotá, Colombia, el 16 de Septiembre de 1981 |
| 300 | |a 100 p | ||
| 942 | |c BK | ||
| 945 | |d 19960329 00:00:00 |a lriquelm | ||
| 260 | |a Bogotá |b CIID |c 1984 | ||
| 650 | 0 | |a Educación rural |9 308104 | |
| 650 | 0 | |a Educación básica |9 224933 | |
| 650 | 0 | |a Administración de la enseñanza |9 261034 | |
| 650 | 0 | |a Gestión educacional |9 261035 | |
| 650 | 0 | |a Relación escuela- comunidad |9 338811 | |
| 651 | 0 | |a Colombia |9 256424 | |
| 583 | |a last modification |c 20170427 10:41:24 |k Rodrigo Vera | ||
| 999 | |c 245846 |d 245844 | ||
| 952 | |0 0 |1 0 |4 0 |6 372_104000000000000_CEN_1984 |7 0 |8 P |9 260453 |a BIBEDU |b BIBEDU |c BIBEDU_PB |d 2019-11-19 |i 2008823 |o 372.104 CEN 1984 |p 2008823 |r 2024-01-25 |w 2019-11-19 |y BK |k EDU | ||